Challenging Sociality An Anthropology of Robots, Autism, and Attachment /

This book explores the development of humanoid robots for helping children with autism develop social skills based on fieldwork in the UK and the USA. Robotic scientists propose that robots can therapeutically help children with autism because there is a "special" affinity between them and...

Πλήρης περιγραφή

Λεπτομέρειες βιβλιογραφικής εγγραφής
Κύριος συγγραφέας: Richardson, Kathleen (Συγγραφέας, http://id.loc.gov/vocabulary/relators/aut)
Συγγραφή απο Οργανισμό/Αρχή: SpringerLink (Online service)
Μορφή: Ηλεκτρονική πηγή Ηλ. βιβλίο
Γλώσσα:English
Έκδοση: Cham : Springer International Publishing : Imprint: Palgrave Macmillan, 2018.
Έκδοση:1st ed. 2018.
Σειρά:Social and Cultural Studies of Robots and AI,
Θέματα:
Διαθέσιμο Online:Full Text via HEAL-Link
LEADER 03756nam a2200565 4500
001 978-3-319-74754-5
003 DE-He213
005 20191027071641.0
007 cr nn 008mamaa
008 180630s2018 gw | s |||| 0|eng d
020 |a 9783319747545  |9 978-3-319-74754-5 
024 7 |a 10.1007/978-3-319-74754-5  |2 doi 
040 |d GrThAP 
050 4 |a HM846-851 
072 7 |a JHB  |2 bicssc 
072 7 |a SOC026000  |2 bisacsh 
072 7 |a JHB  |2 thema 
082 0 4 |a 303.483  |2 23 
100 1 |a Richardson, Kathleen.  |e author.  |4 aut  |4 http://id.loc.gov/vocabulary/relators/aut 
245 1 0 |a Challenging Sociality  |h [electronic resource] :  |b An Anthropology of Robots, Autism, and Attachment /  |c by Kathleen Richardson. 
250 |a 1st ed. 2018. 
264 1 |a Cham :  |b Springer International Publishing :  |b Imprint: Palgrave Macmillan,  |c 2018. 
300 |a XVI, 156 p.  |b online resource. 
336 |a text  |b txt  |2 rdacontent 
337 |a computer  |b c  |2 rdamedia 
338 |a online resource  |b cr  |2 rdacarrier 
347 |a text file  |b PDF  |2 rda 
490 1 |a Social and Cultural Studies of Robots and AI,  |x 2523-8523 
505 0 |a 1. Challenging Sociality? -- 2. Autism, Social Attachment and Things -- 3. The Experiment: The Effectiveness of a Humanoid Robot for Helping Children -- 4. Reversing Roles with an Other: Echolalia and Pronoun Reversal -- 5. Attachment Theory and Autism -- 6. Psychiatry, Autism and the Machine -- 7. Sex Differences, Machines and Autism -- 8. A Multiple-Whole Approach to Autism. 
520 |a This book explores the development of humanoid robots for helping children with autism develop social skills based on fieldwork in the UK and the USA. Robotic scientists propose that robots can therapeutically help children with autism because there is a "special" affinity between them and mechanical things. This idea is supported by autism experts that claim those with autism have a preference for things over other persons. Autism is also seen as a gendered condition, with men considered less social and therefore more likely to have the condition. The author explores how these experiments in cultivating social skills in children with autism using robots, while focused on a unique subsection, is the model for a new kind of human-thing relationship for wider society across the capitalist world where machines can take on the role of the "you" in the relational encounter. Moreover, underscoring this is a form of consciousness that arises out of specific forms of attachment styles. . 
650 0 |a Technology-Sociological aspects. 
650 0 |a Clinical psychology. 
650 0 |a Artificial intelligence. 
650 0 |a Robotics. 
650 0 |a Automation. 
650 0 |a Developmental psychology. 
650 1 4 |a Science and Technology Studies.  |0 http://scigraph.springernature.com/things/product-market-codes/X22270 
650 2 4 |a Clinical Psychology.  |0 http://scigraph.springernature.com/things/product-market-codes/Y12005 
650 2 4 |a Artificial Intelligence.  |0 http://scigraph.springernature.com/things/product-market-codes/I21000 
650 2 4 |a Robotics and Automation.  |0 http://scigraph.springernature.com/things/product-market-codes/T19020 
650 2 4 |a Developmental Psychology.  |0 http://scigraph.springernature.com/things/product-market-codes/Y20010 
710 2 |a SpringerLink (Online service) 
773 0 |t Springer eBooks 
776 0 8 |i Printed edition:  |z 9783319747538 
776 0 8 |i Printed edition:  |z 9783319747552 
776 0 8 |i Printed edition:  |z 9783030090692 
830 0 |a Social and Cultural Studies of Robots and AI,  |x 2523-8523 
856 4 0 |u https://doi.org/10.1007/978-3-319-74754-5  |z Full Text via HEAL-Link 
912 |a ZDB-2-BSP 
950 |a Behavioral Science and Psychology (Springer-41168)